000 00499nam a22001817a 4500
005 20230111093456.0
008 221220b |||||||| |||| 00| 0 eng d
020 _a978-81239-1438-1
041 _aeng
082 _a615.3-ALI-P
100 _aALI, MOHAMMED
_96709
245 _aPHARMACOGNOSY :PHARMACOGNOSY AND PYTHOCHEMISTRY-VOL -I
250 _a1st ed.
260 _aNEW DELHI
_bCBS PUBLISHER & DISTRIBUTORS
_c2022
300 _a802;P.
650 _aPHARMACY
_xB. PHARMA.
_97083
942 _cBK
999 _c8147
_d8145